| 000 | 00894nam a22002297a 4500 | ||
|---|---|---|---|
| 999 |
_c2875 _d2875 |
||
| 003 | AR-CdUCM | ||
| 008 | 190305b ||||| |||| 00| 0 spa d | ||
| 040 |
_aMUNICIPALIDAD PROVINCIAL DEL CUSCO _cBIBLIOTECA MUNICIPAL DEL CUSCO |
||
| 041 | _heng | ||
| 082 |
_a375.25 / _bB799 |
||
| 100 |
_aBradfield, Luther E _99937 |
||
| 245 | _aLa función de la supervisión en la escuela primaria / | ||
| 260 |
_aBuenos Aires : _bEl Ateneo, _c 1968. |
||
| 300 |
_a175 paginas ; _c19 cm. |
||
| 505 | _aLa dirección de la enseñanza -- Actividades supervisoras -- Ayuda al maestro principiante -- El mejoramiento de las condiciones de enseñanza -- El mejoramiento de las condiciones de aprendizaje... | ||
| 650 |
_aEnseñanza _91616 |
||
| 650 |
_aMetodología _92264 |
||
| 650 |
_aEvaluación _99938 |
||
| 700 |
_aMartinez Alinari, Josefina (Traductor) _99939 |
||
| 942 |
_2ddc _cLIBROS |
||
| 945 | _awnts | ||